header

Infrastructure in Latin America and the Caribbean (Record no. 202784)

MARC details
000 -LEADER
fixed length control field 01392nam a2200349Ia 4500
082 04 - DEWEY DECIMAL CLASSIFICATION NUMBER
Classification number 338.098
100 1# - MAIN ENTRY--AUTHOR NAME
Personal name Fay, Marianne.
245 10 - TITLE STATEMENT
Title Infrastructure in Latin America and the Caribbean
260 ## - PUBLICATION, DISTRIBUTION, ETC. (IMPRINT)
Place of publication Washington, DC :
Name of publisher World Bank,
Year of publication c2007.
300 ## - PHYSICAL DESCRIPTION
Number of Pages xiii, 130 p. :
Other physical details ill.
490 0# - SERIES STATEMENT
Series statement Directions in development. Infrastructure
650 #0 - SUBJECT ADDED ENTRY--TOPICAL TERM
Topical Term Infrastructure (Economics)
Topical Term Infrastructure (Economics)
700 1# - ADDED ENTRY--PERSONAL NAME
Personal name Morrison, Mary,
856 40 - ELECTRONIC LOCATION AND ACCESS
Uniform Resource Identifier http://site.ebrary.com/lib/rucke/Doc?id=10150160

No items available.

© 2026 Rongo University
Contact us: librarian | system librarian | Rongo university